000 00587nam a2200229Ia 4500
003 OSt
005 20221005120900.0
006 a|||||r|||| 00| 0
007 ta
008 221004b |||||||| |||| 00| 0 eng d
024 _a38541
037 _cTextual
040 _aCRL
_cCRL
_beng
041 _2eng
_aeng
082 _aO:2M74:3, H8
100 _aMaugham Somerset
245 0 _aFor services rendered
_b A play in three acts
260 _c1948
650 _aENGLISH LITERATURE
942 _hO:2M74:3, H8
_cTEXL
_2cc
999 _c1039413
_d1039413